Al arbitrio del mercado: reformas económicas y gobernabilidad en Centroamérica
Sin resumen
Sparad:
| Huvudupphovsman: | |
|---|---|
| Materialtyp: | Text |
| Publicerad: |
San José:
FLACSO-Programa Costa Rica
|
| Upplaga: | 1 |
| Taggar: |
Lägg till en tagg
Inga taggar, Lägg till första taggen!
|
MARC
| LEADER | 00000 a a2200000 04500 | ||
|---|---|---|---|
| 001 | 5921 | ||
| 003 | |||
| 040 | |||
| 090 | |a 124300 | ||
| 100 | |a Sojo Obando, Carlos | ||
| 245 | |a Al arbitrio del mercado: reformas económicas y gobernabilidad en Centroamérica | ||
| 250 | |a 1 | ||
| 260 | |a San José: |b FLACSO-Programa Costa Rica | ||
| 300 | |a 174 p | ||
| 300 | |b **no definido** |b fonodiscos | ||
| 520 | |a Sin resumen | ||
| 999 | |c 8662 |d 8662 | ||
